000
00345nam a2200145Ia 4500
008
210716s2005 xx 000 0 und d
041
_a
eng
082
_a
332.12 MACH
100
_a
Machiraju, H R.
245
_a
Modern commercial banking.
250
_a
1
260
_a
New Delhi
_c
2005
300
_a
XVI,289
650
_a
Banking and Insurance
999
_c
199813
_d
199813